Integrated land use planning for sustainable agriculture and rural development
Part 1. Soil and land resource information and land degradation assessment -- part 2. Application of geo-informatics in land use planning -- part 3. Planning for sustainable agriculture, land use in different agro-ecosystems -- part 4. Integrated land use planning and institutional arrangements.
Kaydedildi:
| Materyal Türü: | Kitap |
|---|---|
| Dil: | Undetermined |
| Baskı/Yayın Bilgisi: |
Toronto
Apple Academic Press
2015
|
| Konular: | |
| Etiketler: |
Etiketle
Etiket eklenmemiş, İlk siz ekleyin!
|
| Thư viện lưu trữ: | Trung tâm Học liệu Trường Đại học Cần Thơ |
|---|
| LEADER | 00943nam a2200217Ia 4500 | ||
|---|---|---|---|
| 001 | CTU_224504 | ||
| 008 | 210402s9999 xx 000 0 und d | ||
| 020 | |c 4609500 | ||
| 082 | |a 333.76130954 | ||
| 082 | |b I.61 | ||
| 245 | 0 | |a Integrated land use planning for sustainable agriculture and rural development | |
| 245 | 0 | |c edited by M.V. Rao ...[et al.] | |
| 260 | |a Toronto | ||
| 260 | |b Apple Academic Press | ||
| 260 | |c 2015 | ||
| 520 | |a Part 1. Soil and land resource information and land degradation assessment -- part 2. Application of geo-informatics in land use planning -- part 3. Planning for sustainable agriculture, land use in different agro-ecosystems -- part 4. Integrated land use planning and institutional arrangements. | ||
| 650 | |a Sử dụng đất,Land use | ||
| 650 | |x Lập kế hoạch | ||
| 650 | |z Ấn Độ,India | ||
| 910 | |b vdbang | ||
| 980 | |a Trung tâm Học liệu Trường Đại học Cần Thơ | ||